| 000 | 00693nam a2200229 a 4500 | ||
|---|---|---|---|
| 001 | BRCA_8465 | ||
| 005 | 20190320210308.0 | ||
| 008 | 120116s2010----mx-#######---#000-0#spa-# | ||
| 020 | _a9786074900330 | ||
| 020 | _a9703507581 (Colección) | ||
| 041 | _aspa | ||
| 044 | _amx | ||
| 050 | 4 |
_aCB104 _b.C94 2010 |
|
| 100 | 1 |
_aCuen, Gabriel Michel _921197 |
|
| 245 | 1 | 0 |
_aCultura _btiempo y complejidad. La experiencia reflexiva _cGabriel Michel Cuen. |
| 260 |
_aMéxico _bCONACULTA : Instituto Mexiquense de Cultura _c2010 |
||
| 300 |
_a240 p. _c23 cm. |
||
| 440 | 0 |
_aColección Intersecciones _v19 _921198 |
|
| 504 | _aBibliografía : p. 239-240 | ||
| 650 | 1 | 4 |
_aCultura _921199 |
| 942 |
_2lcc _cB |
||
| 999 |
_c8132 _d8132 |
||